Score 0/16 Timer 03:00
0 Plays Today
Title Missing Word % Correct
The _____ MusketeersThree
99%
A Few _____ MenGood
94%
Monsters Vs. _____Aliens
88.7%
_____ By MeStand
85.9%
Bright _____ Big CityLights
78.9%
A Time to _____Kill
70.2%
Picking up the _____Pieces
70.1%
Twin _____: Fire Walk with MePeaks
70.1%
Title Missing Word % Correct
The Lost _____Boys
69.2%
_____ BoothPhone
68.8%
At _____ RangeClose
67.8%
_____ or Consequences, N.M.Truth
67.2%
_____ GunsYoung
52.5%
_____ Dugan ReturnsMax
28.5%
Taking _____Lives
15%
The _____ WayCowboy
13.1%

Today's Daily Dose

Word Ladder
Folklore Song

Get the Picture
'B' Sanders

Remove Ads.
Support Sporcle.
Get the best of Sporcle when you Go Orange. This ad-free experience offers more features, more stats, and more fun while also helping to support Sporcle. Thank you for becoming a member.

You're not logged in!

Compare scores with friends on all Sporcle quizzes.
OR
Log In

Show Comments

Extras

Top Quizzes Today


Score Distribution

Your Account Isn't Verified!

In order to create a playlist on Sporcle, you need to verify the email address you used during registration. Go to your Sporcle Settings to finish the process.

Report this User

Report this user for behavior that violates our Community Guidelines.

Details: